000
00343nam a2200133Ia 4500
008
100328s9999 xx 000 0 und d
082
_b
65213
100
_a
पाटील अविनाश.
245
_a
सार्थक.
260
_b
कोमल.
630
_a
सार्थक.
730
_a
सार्थक.
942
_c
BOOK
999
_c
550961
_d
550958